000 00372nam a2200145Ia 4500
008 230917s9999||||xx |||||||||||||| ||und||
040 _e123711
_aMAIN
041 _aEnglish
082 _a355.00954 G96F
100 _aGurbir, Man Singh
245 0 _aFrench military influence in India
260 _aNew Delhi
_bKnowledge World
_c2006
300 _a106p. p.
942 _cBK
999 _c146928
_d146928